| 000 | 00449nam a2200145 i 4500 | ||
|---|---|---|---|
| 001 | bg | ||
| 100 | 1 | _aJOHNSTONE, R. A. W. | |
| 245 | 0 |
_aSpektrometria masowa w chemii organicznej / _cR. A. W. Johnstone. |
|
| 260 |
_aWarszawa : _bPWN, _c1975. |
||
| 040 | _cBPK | ||
| 041 | _apol | ||
| 942 | _cKS | ||
| 008 | s pl f |000 0 pol | ||
| 856 |
_uhttp://koha.tu.koszalin.pl/cgi-bin/koha/opac-detail.pl?biblionumber=16589 _yKatalog online BPK |
||
| 999 |
_c16589 _d16589 |
||